Resolución Técnica 26. Adopción de las normas internacionales de información financiera (NIIF) del consejo de normas internacionales de contabilidad (IASB) (Registro nro. 16919)
[ vista simple ]
| 000 -LEADER | |
|---|---|
| fixed length control field | 00460 a2200109 4500 |
| 001 - CONTROL NUMBER | |
| control field | ART_7694 |
| 005 - DATE AND TIME OF LATEST TRANSACTION | |
| control field | 20260410161720.0 |
| 008 - FIXED-LENGTH DATA ELEMENTS--GENERAL INFORMATION | |
| fixed length control field | 260409a |
| 100 1# - MAIN ENTRY--PERSONAL NAME | |
| Personal name | D´Onofrio, Paula Alejandra |
| 245 10 - TITLE STATEMENT | |
| Title | Resolución Técnica 26. Adopción de las normas internacionales de información financiera (NIIF) del consejo de normas internacionales de contabilidad (IASB) |
| 773 0# - HOST ITEM ENTRY | |
| Title | Contabilidad y auditoría |
| Related parts | - Año 15, Nº 29 (jun. 2009) |
| Record control number | REV1723 |
No hay ítems disponibles.